[Event "USA-chT Amateur East"]
[Site "Parsippany"]
[Date "2001.02.18"]
[Round "4"]
[White "Coppola, Michael"]
[Black "Sharper, Ralph H"]
[Result "1/2-1/2"]
[WhiteElo "1155"]
[BlackElo "1515"]
[PlyCount "55"]
[EventDate "2001.02.17"]
[EventType "team"]
[EventRounds "6"]
[EventCountry "USA"]
[SourceTitle "EXT 2002"]
[Source "ChessBase"]
[SourceDate "2001.11.25"]
[SourceVersion "1"]
[SourceVersionDate "2001.11.25"]
[SourceQuality "1"]

1. e4 e5 2. Nf3 Nc6 3. Bb5 d6 4. c3 Bg4 5. 0-0 Qd7 6. d3 a6 7. Ba4 Nge7 8. Nbd2 0-0-0 9. Re1 f6 10. Nf1 Kb8 11. Ne3 h5 12. Nxg4 hxg4 13. Nd2 f5 14. exf5 Qxf5 15. Re4 Qh7 16. Nf1 d5 17. Rxg4 e4 18. Rg3 Qf5 19. Bg5 b5 20. Bxe7 Bxe7 21. Bc2 Bh4 22. Qg4 Qf8 23. Qxg7 Bxg3 24. Qxf8 Rdxf8 25. Nxg3 exd3 26. Bxd3 Ne5 27. Bc2 Ng4 28. Bf5 1/2-1/2